| 000 | 01110nam a2200253 a 4500 | ||
|---|---|---|---|
| 001 | 46493 | ||
| 003 | BD-RjUL | ||
| 005 | 20211209054147.0 | ||
| 008 | 160802s1948 sz a f000 0 eng d | ||
| 035 | _a(BD-RjUL)46611 | ||
| 040 |
_aBD-RjUL _beng _cBD-RjUL _dBD-RjUL |
||
| 041 | _aeng | ||
| 082 |
_223 _a330.94 _bUNI 1948 |
||
| 110 | 2 |
_aUnited Nations. _bEconomic Commission for Europe. _bResearch and Planning Division _9138085 |
|
| 245 | 1 | 2 |
_aA survey of the economic situation and prospects of Europe / _cprepared by Research and Planning Division, the Economic Commission for Europe (March 30, 1948), United Nations Economic and Social Council. |
| 260 |
_aWashington, D.C. : _bU.S. Govt. Print. Off., _c1948 |
||
| 300 |
_ax, 216 p. : _bill. ; _c23 cm. |
||
| 500 | _aAt head of title: Committee print. | ||
| 500 | _aPrinted for the use of the Committee on Foreign Affairs. | ||
| 651 | 0 |
_aEurope _xEconomic conditions _y1945- _9132404 |
|
| 710 | 1 |
_aUnited States. _bCongress. _bHouse. _bCommittee on Foreign Affairs. _9141868 |
|
| 710 | 2 |
_aUnited Nations. _bEconomic and Social Council. _9140859 |
|
| 942 |
_2ddc _cBK |
||
| 999 |
_c46493 _d46493 |
||